Digital telephony (Record no. 3592)

000 -LEADER
fixed length control field 00571nam a2200217 a 4500
001 - CONTROL NUMBER
control field 3592
003 - CONTROL NUMBER IDENTIFIER
control field BD-DhUET
008 - FIXED-LENGTH DATA ELEMENTS--GENERAL INFORMATION
fixed length control field 900501s1991 nyua b 001 0 eng
020 ## - INTERNATIONAL STANDARD BOOK NUMBER
International Standard Book Number 0471620564
040 ## - CATALOGING SOURCE
Original cataloging agency DLC
Transcribing agency DLC
Modifying agency BD-DhUET
082 ## - DEWEY DECIMAL CLASSIFICATION NUMBER
Classification number 623.85
Item number BEL/1991
100 ## - MAIN ENTRY--PERSONAL NAME
Personal name Bellamy, John
245 10 - TITLE STATEMENT
Title Digital telephony
250 ## - EDITION STATEMENT
Edition statement 2nd ed.
260 ## - PUBLICATION, DISTRIBUTION, ETC. (IMPRINT)
Place of publication, distribution, etc. New York
Name of publisher, distributor, etc. John wiley & sons
Date of publication, distribution, etc. 1991
300 ## - PHYSICAL DESCRIPTION
Extent xix, 572 p.
Other physical details ill.
Dimensions 25 cm.
490 ## - SERIES STATEMENT
Series statement Wiley Series in telecommunications
504 ## - BIBLIOGRAPHY, ETC. NOTE
Bibliography, etc Includes bibliographies
650 #0 - SUBJECT ADDED ENTRY--TOPICAL TERM
Topical term or geographic name as entry element Digital telephony
942 ## - ADDED ENTRY ELEMENTS (KOHA)
Koha item type General Book
Holdings
Lost status Koha item type Damaged status Shelving location Sublocation or collection (holding branch) Koha full call number Koha date last borrowed Location (home branch) Price effective from Not for loan Copy number Date acquired Koha normalized classification for sorting Source of classification or shelving scheme Koha issues (times borrowed) Piece designation (barcode) Koha date last seen Withdrawn status
 General Book Circulation sectionCentral Library, BUET623.85/BEL/19912015-10-10Central Library, BUET2014-11-02 12014-11-02623_000000000000000_85BEL1991 2836182016-02-06 
 General Book Circulation sectionCentral Library, BUET623.85/BEL/1991 Central Library, BUET2014-11-02 22014-11-02623_000000000000000_85BEL1991  836202017-08-26 
 General Book Circulation sectionCentral Library, BUET623.85/BEL/1991 Central Library, BUET2014-11-02 32014-11-02623_000000000000000_85BEL1991  836232017-08-16 
 General Book Circulation sectionCentral Library, BUET623.85/BEL/19912023-03-07Central Library, BUET2014-11-02 42014-11-02623_850000000000000_BEL_1991 2863392024-02-20 
 Reading Item Reading sectionCentral Library, BUET623.85/BEL/1991 Central Library, BUET2015-07-01 52015-07-01623_850000000000000_BEL_1991  875942015-07-01 
 Rental Item Rental sectionCentral Library, BUET623.85 BEL/1991 Central Library, BUET2024-12-09 ক-১1992-06-06623_850000000000000_BEL_1991  835632024-12-09 
 Rental Item Rental sectionCentral Library, BUET623.85 BEL/1991 Central Library, BUET2024-12-09 ক-২1992-06-06623_850000000000000_BEL_1991  835642024-12-09 
 Rental Item Rental sectionCentral Library, BUET623.85 BEL/1991 Central Library, BUET2024-12-09 ক-৩1992-06-06623_850000000000000_BEL_1991  835652024-12-09 
 Rental Item Rental sectionCentral Library, BUET623.85 BEL/1991 Central Library, BUET2024-12-09 ক-৪1992-06-06623_850000000000000_BEL_1991  835662024-12-09 
 Rental Item Rental sectionCentral Library, BUET623.85 BEL/1991 Central Library, BUET2024-12-09 ক-৫1992-06-06623_850000000000000_BEL_1991  835672024-12-09 
 Rental Item Rental sectionCentral Library, BUET623.85 BEL/1991 Central Library, BUET2024-12-09 ক-৬1992-06-06623_850000000000000_BEL_1991  835682024-12-09 
 Rental Item Rental sectionCentral Library, BUET623.85 BEL/1991 Central Library, BUET2024-12-09 ক-৭1992-06-06623_850000000000000_BEL_1991  835692024-12-09 
 Rental Item Rental sectionCentral Library, BUET623.85 BEL/1991 Central Library, BUET2024-12-09 ক-৮1992-06-06623_850000000000000_BEL_1991  835702024-12-09 
 Rental Item Rental sectionCentral Library, BUET623.85 BEL/1991 Central Library, BUET2024-12-09 ক-৯1992-06-06623_850000000000000_BEL_1991  835712024-12-09 
 Rental Item Rental sectionCentral Library, BUET623.85 BEL/1991 Central Library, BUET2024-12-09 ক-১০1992-06-06623_850000000000000_BEL_1991  835722024-12-09 
 Rental Item Rental sectionCentral Library, BUET623.85 BEL/1991 Central Library, BUET2024-12-09 ক-১১1992-06-06623_850000000000000_BEL_1991  835732024-12-09 
 Rental Item Rental sectionCentral Library, BUET623.85 BEL/1991 Central Library, BUET2024-12-09 ক-১২1992-06-06623_850000000000000_BEL_1991  835742024-12-09 
 Rental Item Rental sectionCentral Library, BUET623.85 BEL/1991 Central Library, BUET2024-12-09 ক-১৩1992-06-06623_850000000000000_BEL_1991  835752024-12-09 
 Rental Item Rental sectionCentral Library, BUET623.85 BEL/1991 Central Library, BUET2024-12-09 ক-১৪1992-06-06623_850000000000000_BEL_1991  835762024-12-09 
 Rental Item Rental sectionCentral Library, BUET623.85 BEL/1991 Central Library, BUET2024-12-09 ক-১৫1992-06-06623_850000000000000_BEL_1991  835772024-12-09